| 000 | 00521nam a2200145Ia 4500 | ||
|---|---|---|---|
| 008 | 170224s9999 xx 000 0 und d | ||
| 100 | _aLinda D. Hollebeek | ||
| 245 | _aEpilogue to the Special Issue and reflections on the future of engagement research | ||
| 245 | _cLinda D. Hollebeek, Jodie Conduit, Jill Sweeney, Geoffrey Soutar, Ingo O. Karpen, Wade Jarvis & Tom Chen | ||
| 260 | _bJournal of Marketing Management | ||
| 260 | _c2016 | ||
| 300 | _a32:5-6,Pages: 586-594 | ||
| 500 | _aMay | ||
| 650 | _xMarketing. | ||
| 999 |
_c315935 _d315935 |
||